Propuesta de un modelo para el análisis comparado de la implementación de las políticas nacionales de gestión de riesgos, de los países centroamericanos /

En este artículo se realiza un análisis comparado de las políticas nacionales de gestión de riesgos de los países centroamericanos. Para ello se identifican los factores que contribuyen a reducir la brecha o déficit de implementación de una política pública a través de un modelo conceptual de cinco...

Descrizione completa

Salvato in:
Dettagli Bibliografici
Autore principale: Marroquín, Willian Ernesto
Natura: testo
Soggetti:
Tags: Aggiungi Tag
Nessun Tag, puoi essere il primo ad aggiungerne!!

MARC

LEADER 00000 a a2200000 04500
001 46102
003
040
100 |a Marroquín, Willian Ernesto  
245 |a Propuesta de un modelo para el análisis comparado de la implementación de las políticas nacionales de gestión de riesgos, de los países centroamericanos /  |c Willian Ernesto Marroquín  
520 |a En este artículo se realiza un análisis comparado de las políticas nacionales de gestión de riesgos de los países centroamericanos. Para ello se identifican los factores que contribuyen a reducir la brecha o déficit de implementación de una política pública a través de un modelo conceptual de cinco elementos constitutivos: leyes y reglamentos, objetivos, grupos objetivo, instrumentos de intervención pública y burocracia. A partir de este modelo se construyen tres índices (implementación, cambio social y estructuración) que se utilizan para el estudio comparado de las políticas. Como datos de entrada al modelo, se utiliza el conjunto de actos formales de cada país que surgen del proceso de formación y diseño de una política pública. Finalmente se presenta un método para hacer ajustes a una política pública que permita lograr una implementación más cercana a la planificada.  
590 |a AMB/NOVIEMBRE2014  
650 |a A) POLITICA GUBERNAMENTAL  
650 |a B) GESTION DE LOS RIESGOS  
650 |a C) AMERICA CENTRAL  
773 |g volumen68, número734 ( , 2013), páginas 387-415 : tablas, gráficos  
999 |c 30603  |d 30603